000 01016nam a2200289 a 4500
001 BRCA_5454
005 20190320205103.0
008 211210s1969----sp-a###f#e---#000-0#spa-#
041 _aspa
044 _asp
050 4 _aNK2599
_b.F43 1969
100 1 _aFeduchi, L.
_d1901-1975
_913933
245 1 0 _aEl mueble español
_cLuis Feduchi.
260 _aBarcelona
_bPolígrafa
_c1969
300 _a313 p.
_bil. (algunas a color)
_c28 cm.
440 0 _aBiblioteca de arte hispanico
_913934
500 _aIncluye notas al texto e índice de ilustraciones
500 _aDonación Dr. Héctor Rivero Borrell Vázquez
500 _aEsta edición se encuentra en el Área de Investigación
500 _aLa biblioteca cuenta con un 2do ejemplar perteneciente al Fondo General Franz Mayer (31-22)
504 _aBibliografía: p. 310-313
546 _aTexto en: español, inglés, francés y alemán
650 1 4 _aMuebles españoles
_913935
650 1 4 _aMuebles
_xHistoria
_94173
902 _aDHR
942 _2lcc
_cB
999 _c5148
_d5148